Изучение фреймворка PHONEGAP на примере создания плагина пуш нотификаций в BLACKBERRRY OS 6; Современные техника и технологии; Т. 2

Podrobná bibliografie
Parent link:Современные техника и технологии: сборник трудов XIX международной научно-практической конференции студентов, аспирантов и молодых ученых, Томск, 15-19 апреля 2013 г./ Национальный исследовательский Томский политехнический университет (ТПУ).— , 2013
Т. 2.— 2013.— [С. 238-239]
Hlavní autor: Галимбикова О. Н.
Korporativní autor: Национальный исследовательский Томский политехнический университет (ТПУ) Институт кибернетики (ИК) Кафедра автоматики и компьютерных систем (АИКС)
Další autoři: Кочегурова Е. А. Елена Алексеевна (научный руководитель)
Shrnutí:Заглавие с титульного экрана
Jazyk:ruština
Vydáno: 2013
Edice:Информатика и управление в технических системах
Témata:
On-line přístup:http://www.lib.tpu.ru/fulltext/c/2013/C01/V2/117.pdf
Médium: MixedMaterials Elektronický zdroj Kapitola
KOHA link:https://koha.lib.tpu.ru/cgi-bin/koha/opac-detail.pl?biblionumber=243476

MARC

LEADER 00000naa2a2200000 4500
001 243476
005 20251218105718.0
035 |a (RuTPU)RU\TPU\book\264820 
035 |a RU\TPU\book\264819 
090 |a 243476 
100 |a 20130930d2013 k y0rusy50 ca 
101 0 |a rus 
102 |a RU 
135 |a drnn ---uucaa 
181 0 |a i  
182 0 |a b 
200 1 |a Изучение фреймворка PHONEGAP на примере создания плагина пуш нотификаций в BLACKBERRRY OS 6  |f О. Н. Галимбикова  |g науч. рук. Е. А. Кочегурова 
203 |a Текст  |c электронный 
225 1 |a Информатика и управление в технических системах 
300 |a Заглавие с титульного экрана 
320 |a [Библиогр.: с. 239 (3 назв.)] 
337 |a Adobe Reader 
461 1 |0 (RuTPU)RU\TPU\book\263794  |t Современные техника и технологии  |o сборник трудов XIX международной научно-практической конференции студентов, аспирантов и молодых ученых, Томск, 15-19 апреля 2013 г.  |o в 3 т.  |f Национальный исследовательский Томский политехнический университет (ТПУ)   |d 2013 
463 1 |0 (RuTPU)RU\TPU\book\263797  |t Т. 2  |v [С. 238-239]  |d 2013 
610 1 |a труды учёных ТПУ 
610 1 |a электронный ресурс 
610 1 |a фреймворки 
610 1 |a плагины 
610 1 |a нотификации 
610 1 |a создание 
700 1 |a Галимбикова  |b О. Н. 
702 1 |a Кочегурова  |b Е. А.  |c специалист в области автоматики и компьютерных систем  |c доцент Томского политехнического университета, кандидат технических наук  |f 1958-  |g Елена Алексеевна  |3 (RuTPU)RU\TPU\pers\27090  |4 727 
712 0 2 |a Национальный исследовательский Томский политехнический университет (ТПУ)  |b Институт кибернетики (ИК)  |b Кафедра автоматики и компьютерных систем (АИКС)  |3 (RuTPU)RU\TPU\col\18698 
801 2 |a RU  |b 63413507  |c 20130930  |g RCR 
856 4 |u http://www.lib.tpu.ru/fulltext/c/2013/C01/V2/117.pdf 
942 |c CF